Miasta województwa świętokrzyskiego - Statystyki

Ogólne statystyki
  • Ten quiz został rozwiązany 191 razy
    179 od ostatniego zresetowania
  • Średni wynik to 20 z 44
Statystyki odpowiedzi
Powiat Miasto % Poprawnych
Kielce
96%
Miasta na prawach powiatu Kielce
96%
Jędrzejowski Jędrzejów
93%
Buski Busko-Zdrój
91%
Sandomierz
89%
Opatowski Opatów
87%
Skarżyski Skarżysko-Kamienna
87%
Starachowicki Starachowice
87%
Ostrowiec Świętokrzyski
85%
Pińczów
84%
Staszów
84%
Włoszczowski Włoszczowa
78%
Konecki Końskie
67%
Kazimierski Kazimierza Wielka
56%
Morawica
44%
Chęciny
43%
Chmielnik
38%
Małogoszcz
35%
Ożarów
33%
Ostrowiecki Ćmielów
32%
Nowa Słupia
32%
Stopnica
32%
Pacanów
31%
Suchedniów
31%
Kielecki Bodzentyn
30%
Daleszyce
29%
Łagów
29%
Połaniec
29%
Opatowiec
28%
Wąchock
26%
Wiślica
26%
Kunów
23%
Nowy Korczyn
23%
Stąporków
23%
Szydłów
23%
Zawichost
20%
Sędziszów
19%
Osiek
18%
Radoszyce
18%
Sandomierski Koprzywnica
16%
Skalbmierz
16%
Pińczowski Działoszyce
13%
Staszowski Oleśnica
10%
Pierzchnica
9%
Nie znaleziono quizów pasujących do podanych kryteriów
Rozkład punktacji
Procent ludzi z każdym wynikiem
Percentyl według liczby udzielonych odpowiedzi
Twoja historia wyników
Nie rozwiązałeś tego quizu od ostatniego zresetowania